00553pam a2200157 a 4500020003100000040000800031082002600039245012300065250001200188260004900200300003400249490004100283650002700324700001500351710002900366 a0080315356 (U.S. : pbk.) : cDLC00a428 PER 1985 A024 Or.10aNew directions in language testing :bpapers presented at the International Symposium on Language Testing, Hong Kong / a1st ed. aOxford ;aNew York :bPergamon Press,c1985. axii, 170 p. :bill. ;c25 cm.0 aLanguage teaching methodology series 0aLanguage and languages1 aLee, Y. P.2 aUniversity of Hong Kong.